भारतीय बैंकिग बदलता परिदृश्य (Record no. 7184)
[ view plain ]
| 000 -LEADER | |
|---|---|
| fixed length control field | 01818 a2200265 4500 |
| 005 - DATE AND TIME OF LATEST TRANSACTION | |
| control field | 2008091504304.0 |
| 008 - FIXED-LENGTH DATA ELEMENTS--GENERAL INFORMATION | |
| fixed length control field | 080915t xxu||||| |||| 00| 0 hin d |
| 010 ## - LCCN (DPL NO) | |
| LC control number | HIN-80855 B-284896 |
| 020 ## - INTERNATIONAL STANDARD BOOK NUMBER | |
| International Standard Book Number | 8176751731 |
| Terms of availability | 300.00 |
| 035 ## - SYSTEM CONTROL NUMBER | |
| System control number | HN-53201 B-284896 |
| 035 ## - SYSTEM CONTROL NUMBER | |
| System control number | B-238456 |
| 037 ## - SOURCE OF ACQUISITION | |
| Source of stock number/acquisition | D.B.Act / pub |
| 082 ## - DEWEY DECIMAL CLASSIFICATION NUMBER | |
| Classification number | 332.10954 |
| 100 ## - MAIN ENTRY--PERSONAL NAME | |
| Personal name | गौड़, श्यामलाल |
| 9 (RLIN) | 44648 |
| 245 ## - TITLE STATEMENT | |
| Title | भारतीय बैंकिग बदलता परिदृश्य |
| Statement of responsibility, etc | श्यामलाल गौड़ |
| 246 ## - VARYING FORM OF TITLE | |
| Title proper/short title | Bhaartiya banking badalata pridrishya |
| Remainder of title | by Shyam Lal Gaur |
| 260 ## - PUBLICATION, DISTRIBUTION, ETC. (IMPRINT) | |
| Place of publication, distribution, etc | पंचकूला |
| Name of publisher, distributor, etc | आधार प्रकाशन |
| Date of publication, distribution, etc | 2006 |
| 270 ## - ADDRESS | |
| Address | एस.सी.एफ 267, सेक्टर-16 |
| City | पंचकूला |
| Postal code | 134113(हरियाणा) |
| 300 ## - PHYSICAL DESCRIPTION | |
| Extent | 244पृ |
| Dimensions | 22 सेमी (सजिल्द) |
| 942 ## - ADDED ENTRY ELEMENTS (KOHA) | |
| Institution code [OBSOLETE] | dpl |
| Item type | Hindi Books |
| Call number prefix | 332.10954 / गौड़श्या |
| Source of classification or shelving scheme | Dewey Decimal Classification |
| Classification part | 332.10954 |
| Call number suffix | गौड़श्या |
| Withdrawn status | Lost status | Source of classification or shelving scheme | Damaged status | Not for loan | Home library | Current library | Date acquired | Cost, normal purchase price | Total Checkouts | Full call number | Barcode | Date last seen | Copy number | Cost, replacement price | Koha item type | Collection code | Source of acquisition |
|---|---|---|---|---|---|---|---|---|---|---|---|---|---|---|---|---|---|
| Dewey Decimal Classification | D.B.Act.Division | D.B.Act.Division | 15/09/2008 | 300.00 | 332.10954 गौड़श्या | HN-53201 | 15/09/2008 | 1 | 300.00 | Hindi Books | |||||||
| Dewey Decimal Classification | Patel Nagar | Patel Nagar | 30/09/2018 | 300.00 | 1 | 332.10954 गौड़श्या | b-238454 | 14/10/2018 | 300.00 | Hindi Books | Non-fiction | BPPD/Pub | |||||
| Dewey Decimal Classification | Sarojini Nagar | Sarojini Nagar | 02/04/2012 | 300.00 | 332.10954 गौड़श्या | B-238456 | 02/04/2012 | 300.00 | Hindi Books | Non-fiction | |||||||
| Dewey Decimal Classification | Vinoba Puri | Vinoba Puri | 27/09/2008 | 300.00 | 1 | 332.10954 गौड़श्या | B-284896 | 06/05/2010 | 1 | 300.00 | Hindi Books | Non-fiction | आधार प्रकाशन./7215/19.8.08 /74:15.9.08/29.8.08 |
